Normal view
MARC view
- تأليف تيغم، ب.فان ؛ تعريب الحسامي، سامي مصباح
Entry Personal Name
001 - CONTROL NUMBER
- control field: 15332
003 - CONTROL NUMBER IDENTIFIER
- control field: JO-AjAnu
005 - DATE AND TIME OF LATEST TRANSACTION
- control field: 20230606072739.0
008 - FIXED-LENGTH DATA ELEMENTS
- fixed length control field: 230606|| aca||aabn | a|a d
040 ## - CATALOGING SOURCE
- Original cataloging agency: JO-AjAnu
- Transcribing agency: JO-AjAnu
100 ## - HEADING--PERSONAL NAME
- Personal name: تأليف تيغم، ب.فان ؛ تعريب الحسامي، سامي مصباح
670 ## - SOURCE DATA FOUND
- Source citation: Work cat.: (JO-AjAnu)7872: تأليف تيغم، ب.فان ؛ تعريب الحسامي، سامي مصباح, author, الأدب المقارن